000 00249 a2200121 4500
001 74132
082 _a531.3 MER
090 _c39040
_d39040
100 _aMeriam, J.L
245 _aDynamics 2nd Ed
_hEnglish
250 _a2
260 _bJohn Wiley
942 _aCAE NUST
_k531.3 MER
999 _c309205
_d309205